Antiguas banderas aleatorias - Estadísticas

Estadísticas generales
  • Esta prueba ha sido intentada 58 veces
  • La puntuación promedio es 8 de 16
Estadísticas de respuestas
Imagen Respuesta % Correcto
Afganistán
100%
Albania
100%
Andorra
100%
Angola
100%
Arabia Saudita
100%
Bangladés
100%
Bélgica
100%
Belice
100%
Brunéi
100%
Catar
100%
Chad
100%
Chile
100%
Corea del Sur
100%
Croacia
100%
Cuba
100%
El Salvador
100%
Eritrea
100%
España
100%
Estados Federados de Micronesia
100%
Estados Unidos
100%
Filipinas
100%
Francia
100%
Grecia
100%
Guatemala
100%
Haití
100%
Honduras
100%
Hungría
100%
India
100%
Irán
100%
Israel
100%
Kosovo
100%
Letonia
100%
Líbano
100%
Liberia
100%
Liechtenstein
100%
Mauritania
100%
México
100%
Mongolia
100%
Montenegro
100%
Mozambique
100%
Nepal
100%
Níger
100%
Noruega
100%
Omán
100%
Países Bajos
100%
Pakistán
100%
Panamá
100%
Paraguay
100%
Perú
100%
Polonia
100%
Reino Unido
100%
República Dominicana
100%
Rusia
100%
Serbia
100%
Siria
100%
Sri Lanka
100%
Suecia
100%
Suiza
100%
Taiwán
100%
Túnez
100%
Turquía
100%
Venezuela
100%
Yemen
100%
Yibuti
100%
Chipre
83%
Austria
80%
Ciudad del Vaticano
80%
Etiopía
80%
Ecuador
75%
Irlanda
75%
Jordania
75%
Malí
75%
Namibia
75%
Australia
67%
Costa Rica
67%
Gabón
67%
Maldivas
67%
Nicaragua
67%
Papúa Nueva Guinea
67%
Somalia
67%
Tailandia
67%
Islandia
60%
Sudán del Sur
60%
Alemania
50%
Argentina
50%
Azerbaiyán
50%
Bulgaria
50%
Camboya
50%
Camerún
50%
China
50%
Comoras
50%
Costa de Marfil
50%
Guinea-Bissau
50%
Italia
50%
Jamaica
50%
Japón
50%
Lituania
50%
Malta
50%
Rumania
50%
Ucrania
50%
Uganda
50%
Zambia
50%
Timor Oriental
44%
Mónaco
43%
República Democrática del Congo
40%
Ruanda
40%
Turkmenistán
40%
Bahamas
33%
Dominica
33%
Guinea
33%
Guinea Ecuatorial
33%
Libia
33%
Macedonia del Norte
33%
Moldavia
33%
Nueva Zelanda
33%
Sudáfrica
33%
Vietnam
33%
Canadá
25%
Eslovaquia
20%
Luxemburgo
20%
Uzbekistán
20%
Estonia
17%
Georgia
17%
Kazajistán
17%
Kenia
17%
Antigua y Barbuda
0%
Argelia
0%
Armenia
0%
Barbados
0%
Baréin
0%
Benín
0%
Bielorrusia
0%
Bolivia
0%
Bosnia y Herzegovina
0%
Botsuana
0%
Brasil
0%
Burkina Faso
0%
Burundi
0%
Bután
0%
Cabo Verde
0%
Colombia
0%
Corea del Norte
0%
Dinamarca
0%
Egipto
0%
Emiratos Árabes Unidos
0%
Eslovenia
0%
Esuatini
0%
Finlandia
0%
Fiyi
0%
Gambia
0%
Ghana
0%
Granada
0%
Guyana
0%
Indonesia
0%
Irak
0%
Islas Marshall
0%
Islas Salomón
0%
Kirguistán
0%
Kiribati
0%
Kuwait
0%
Laos
0%
Lesoto
0%
Madagascar
0%
Malasia
0%
Malaui
0%
Marruecos
0%
Mauricio
0%
Myanmar
0%
Nauru
0%
Nigeria
0%
Palaos
0%
Portugal
0%
República Centroafricana
0%
República Checa
0%
República del Congo
0%
Samoa
0%
San Cristóbal y Nieves
0%
San Marino
0%
Santa Lucía
0%
Santo Tomé y Príncipe
0%
San Vicente y las Granadinas
0%
Senegal
0%
Seychelles
0%
Sierra Leona
0%
Singapur
0%
Sudán
0%
Surinam
0%
Tanzania
0%
Tayikistán
0%
Togo
0%
Tonga
0%
Trinidad y Tobago
0%
Tuvalu
0%
Uruguay
0%
Vanuatu
0%
Zimbabue
0%
No se encontraron pruebas coincidentes
Distribución de puntuación
Porcentaje de gente con cada puntuación
Porcentaje por número respondido
Historial de tus puntuaciones
No has intentado esta prueba.